| 000 | 00764nab a2200217u 4500 | ||
|---|---|---|---|
| 001 | 19349 | ||
| 003 | HDC | ||
| 007 | c| |||a|c|aaaa | ||
| 008 | 210226b20100206my ||||o |||| 00| 0 eng d | ||
| 040 | _aHDC | ||
| 245 | 0 | _aACCCIM eyeing nearly RM7bil from Chinese investors | |
| 336 |
_atext _2rdacontent |
||
| 337 |
_acomputer _2rdamedia |
||
| 338 |
_aonline resource _2rdacarrier |
||
| 650 |
_aAssociated Chinese Chambers of Commerce and Industry of Malaysia (ACCCIM) _917774 |
||
| 650 |
_aChinese Chambers of China _917775 |
||
| 856 | _zRequest full-text at [email protected] | ||
| 942 | _2lcc | ||
| 942 | _cNEWS | ||
| 942 | _kNWS0 003512 | ||
| 999 |
_c16665 _d16665 |
||